000
00277nam a2200109Ia 4500
008
190906s9999||||xx |||||||||||||| ||und||
100
_a
UMA Gupta
245
0
_a
Information Systems (Success In The 21st Century)
260
_a
London
_b
Addison
_c
2000
300
_a
428
942
_c
BK
999
_c
6007
_d
6007